Work Culture in Higher Education : (Record no. 38554)
[ view plain ]
| 000 -LEADER | |
|---|---|
| fixed length control field | 00725nam a22001577a 4500 |
| 082 ## - DEWEY DECIMAL CLASSIFICATION NUMBER | |
| Classification number | RS. 0973 |
| 100 ## - MAIN ENTRY--AUTHOR NAME | |
| Personal name | Singh, Vinod Kumar |
| Affiliation | Faculty of management studies, Guru Kangri Vishwavidalaya |
| Place | Haridwar, Uttarakhand. |
| 245 ## - TITLE STATEMENT | |
| Title | Work Culture in Higher Education : |
| Sub Title | a comparative study of the impact of work culture on faculty members in selected institutions of Uttarakhand |
| Statement of responsibility, etc | / Vinod Kumar Singh |
| 260 ## - PUBLICATION, DISTRIBUTION, ETC. (IMPRINT) | |
| Place of publication | Haridwar, Uttarakhand : |
| Name of publisher/Sponsor | Indian council of social science research, |
| Year of publication | 2015. |
| 300 ## - PHYSICAL DESCRIPTION | |
| Number of Pages | 92p. |
| 500 ## - GENERAL NOTE | |
| General note | includes bibliography and appendices. |
| 536 ## - FUNDING INFORMATION NOTE | |
| Funding Agency | Indian council of social science research, |
| 546 ## - LANGUAGE NOTE | |
| Language note | English |
| 650 ## - SUBJECT ADDED ENTRY--TOPICAL TERM | |
| Topical Term | Higher education |
| General subdivision | Work culture |
| Geographic subdivision | Haridwar, Uttarakhand. |
| 942 ## - ADDED ENTRY ELEMENTS (KOHA) | |
| Source of classification or shelving scheme | Dewey Decimal Classification |
| Koha item type | Research Reports |
| Withdrawn status | Lost status | Damaged status | Not for loan | Collection code | Home library | Current library | Date acquired | Source of acquisition | Full call number | Accession Number | Price effective from | Koha item type |
|---|---|---|---|---|---|---|---|---|---|---|---|---|
| Not For Loan | Major Research Project Reports | NASSDOC Library | NASSDOC Library | 06/07/2023 | Research Report Division | RS. 0973 | 53773 | 06/07/2023 | Research Reports |
